| 000 | 00522nam a22001817a 4500 | ||
|---|---|---|---|
| 003 | CEME | ||
| 005 | 20210628204147.0 | ||
| 008 | 210104b xxu||||| |||| 00| 0 eng d | ||
| 020 | _a8120327497 | ||
| 040 | _cceme | ||
| 082 | _a621.46 BOS | ||
| 100 |
_aBose, Bimal K _962357 |
||
| 245 | _aModern power electronics and ac drives | ||
| 260 |
_aNEW DELHI _bPRENTICE HALL OF INDIA _c2002 |
||
| 300 | _aXXI,711P | ||
| 650 |
_aPOWER ELECTRONICS AND AC DRIVES.MODERN POWER ELECTRONICS AND AC DRIVES _969022 |
||
| 942 |
_cBK _2ddc |
||
| 999 |
_c576447 _d576447 |
||